Регионална библиотека "Любен Каравелов" - Русе

Страници, прочетени докрай (Запис номер 122496)

MARC детайли
000 -Лидер
Контролно поле с фиксирана дължина 01544nam a2200361 c 4500
003 - Код на организацията, давaща контролен номер
Контролно поле BLK
005 - Дата и час на последна редакция
Контролно поле 20220426170104.0
008 - Елементи от данни с фиксирана дължина
fixed length control field 180409b bul|||||r ||||||| ||bul||
010 ## - Наследен системен номер
LC control number KNG00128137000
040 ## - Източник на каталожния запис
Идентификатор на билиотеката - собственик на записа BLK
041 ## - Код за език
Код за езика на текст/звукозапис или на отделно заглавие Български
Код за езика КДБФ Български
072 #7 - Код за тематичната категория
Код организация bullib
Код за тематична категория К
Текст Краезнание
080 ## - УДК
Текстов определител УДК Националноосвободителното движение в България (1856-1877)
УДК код - определител по УДК 94(497.2)"1856/1877"
УДК определител (0:82-3)
УДК - код + определител 94(497.2)"1856/1877"(0:82-3)
080 ## - УДК
Текстов определител УДК Българска литература
УДК код - определител по УДК 821.163.2
УДК определител -32
УДК - код + определител 821.163.2-32
100 1# - Редна дума - Автор
Автор Антонов, Николай Йорданов
Авторска отговорност първи автор
R(LIN) 363434
139 ## - Редно поле
Редна дума Антонов, Николай Йорданов
Авторски знак Анто - А 75
245 10 - Сведения за заглавието
Заглавие Страници, прочетени докрай
Подзаглавни данни Док. повествования
Редно поле (дума) Николай Йорданов Антонов.
257 ## - Страна на издаване
Страна на създаване/издаване България
260 ## - Област на издателските данни
Име на издателя, разпространителя и проч. ОФ
Година на издаване 1982
Място на издаване, разпространение и проч. София
300 ## - Физическа характеристика
Страници 220 с.
Размери/Мащаб 20 см
380 ## - Жанр
Жанр История
500 ## - Общи забележки
Забележка 13 000 тир.
650 #4 - Допълнително описание по предмет – тема
Основно описание – тема или топоним Националноосвободително движение - България - история
9 (RLIN) 283316
651 #4 - Допълнително описание по предмет - топоним
Географско понятие България
9 (RLIN) 241624
653 ## - Ключова дума – ненормативна
Ключова дума националноосвободителни движения
653 ## - Ключова дума – ненормативна
Ключова дума българска история
659 ## - Тематичен бюлетин
Тематичен бюлетин К
852 ## - Местоположение
Форматна сигнатура Цб 117099
Фондова буква Хранилище
852 ## - Местоположение
Форматна сигнатура К 94(497.2)"1856/1877"/А 75
856 4# - Електронен адрес и достъп
Електронен формат pdf - файл
856 4# - Електронен адрес и достъп
Електронен формат pdf - файл
999 ## - СИСТЕМНИ КОНТРОЛНИ НОМЕРА
Koha biblionumber 122496
Koha biblioitemnumber 122496
942 ## - АРТИКУЛИ
Вид на библиотечния материал Книги
Скрит в OPAC Не
Периодичен библиозапис Да
944 ## - СЪЗДАВАНЕ И РЕДАКЦИЯ на ЗАПИСА
Създаване/Редакция Създаване
Дата на регистрацията/редакция 01.03.2012
Статус, дата на статуса 01.03.2012 - от С1,Р / 01.03.2012
Служител, извършил регистрацията/редакцията Наталия_Медовщикова
944 ## - СЪЗДАВАНЕ И РЕДАКЦИЯ на ЗАПИСА
Създаване/Редакция Редакция
Дата на регистрацията/редакция 01.03.2012
Статус, дата на статуса 01.03.2012 - от С1,Р / 01.03.2012
999 ## - СИСТЕМНИ КОНТРОЛНИ НОМЕРА
Koha biblioitemnumber 122496
999 ## - СИСТЕМНИ КОНТРОЛНИ НОМЕРА
Koha biblioitemnumber 122496
Наличности
Код за отписване Код за изгубен артикул Източник на класификационната схема Код за повреда Коз за рестрикции Код за отдаване Артикулен № Име на библиотеката - собственик Име на библиотеката, в която се намира в момента Статус (Текущо местоположение) Дата на вписване в системата Местоположение - отдел Цена в лева Инвентарен номер Систематично азбучна сигнатура Баркод Номер на екземпляра Цена в евро Служебна бележка Служебен тип на артикула Бележка за публиката
  Не е изгубен Universal Decimal Classification Не е повреден без рестрикции ползва се в читалня 198171 Регионална библиотека "Любен Каравелов" Русе Регионална библиотека "Любен Каравелов" Русе Хранилище 1982-01-01 Хранилище 1.27 361423 Цб 117099 120000361423 1 0.65 N: стар фонд Дата: 01.01.1982 Книги  
Изтеглен Не е изгубен   Не е повреден без рестрикции заемане за дома 198172 Регионална библиотека "Любен Каравелов" Русе Регионална библиотека "Любен Каравелов" Русе   1982-01-01 Заемна - подръчен фонд 1.27 362742 П 949.72.042/А 75 362742 2 0.65 N: стар фонд Дата: 01.01.1982 Книги Отч.N: 6/2018 , Дата: 22.01.2018
Изтеглен Не е изгубен Universal Decimal Classification Не е повреден без рестрикции заемане за дома 198173 Регионална библиотека "Любен Каравелов" Русе Регионална библиотека "Любен Каравелов" Русе Заемна - подръчен фонд 1982-01-01 Заемна - подръчен фонд 1.27 362743 П 949.72.042/А 75 362743 3 0.65 N: стар фонд Дата: 01.01.1982 Книги  
  Не е изгубен Universal Decimal Classification Не е повреден без рестрикции ползва се в читалня 198174 Регионална библиотека "Любен Каравелов" Русе Регионална библиотека "Любен Каравелов" Русе Краезнание 1982-01-01 Краезнание 1.27 362747 К 94(497.2)"1856/1877"/А 75 120000362747 4 0.65 N: стар фонд Дата: 01.01.1982 Дата инв: 07.11.2017 Бележки инв: К2017 Книги  
Vip Innovations Ltd, Rousse, Bulgaria 2025